000
00348nam a2200169Ia 4500
100
_a
Rathbone/Andy
650
_a
Windows 7
942
_c
BK
366
_f
25
654
_a
windows 7
245
_a
Windows 7 for dummies
260
_b
Wiley India
_c
2009
082
_a
5.13
_b
RAT
300
_a
414
546
_a
ENGLISH
_c
PAMPHALETS
999
_c
30232
_d
30232